00627 2200193 4500001002100000005001500021035002000036007000300056008004100059082000700100084001300107100001900120245017200139250001700311260004500328300003400373600001100407990001500418INLIS00000000000960620260224013802 a0010-0226000186ta260224 g 0 ind  a11 a11 LSA i0 aLISA ANGGREANI1 aIMPLEMENTASI PERATURAN MENTERI PEMBERDAYAAN PEREMPUAN DAN PERLINDUNGAN ANAK NO.6 TAHUN 2023 DI KABUPATEN KOTAWRINGIN TIMUR PROVINSI KALIMANTAN TENGAH /cLISA ANGGREANI a1, Cet. Ke-1 aPalangkaraya :bPerpustakaan UMPR,c2025 axiv, 30 hlm :bilus. ;c25 CM 4aJURNAL a2411131559